| 000 | 00649nam a2200193 i 4500 | ||
|---|---|---|---|
| 001 | 63771 | ||
| 003 | ES-MaACL | ||
| 005 | 20250930063057.0 | ||
| 007 | t| | ||
| 008 | 031216s1927 sp ||||1| spa d | ||
| 080 | _a821.134.3-31"19" | ||
| 100 | 1 |
_aFigueiredo, Fidelino de, _d1889-1967 _950746 |
|
| 245 | 1 | 0 |
_aBajo las cenizas del tedio _b: (romance de una conciencia) / _cpor Fidelino de Figueiredo ; traducción española de José Mª de Cossio. |
| 260 |
_aBarcelona : _bCosta, _c1927. |
||
| 300 |
_a162 p. ; _c16 cm. |
||
| 700 | 1 |
_aCossío, José María de, _d1893-1977 _941017 |
|
| 852 |
_aES-MaACL _jB-3808 |
||
| 999 |
_c63771 _d63771 |
||